| 000 | 00437nam a22001577a 4500 | ||
|---|---|---|---|
| 999 |
_c125456 _d125456 |
||
| 005 | 20220119090427.0 | ||
| 008 | 220119b ||||| |||| 00| 0 eng d | ||
| 040 | _cPK-LaUMT | ||
| 082 |
_a348.5491022 _bMAH-I |
||
| 100 | _aMahmood, M. | ||
| 245 |
_aInterpretation of statutes with general clauses acts / _cby M. Mahmood |
||
| 250 | _a9th ed. | ||
| 260 |
_aLahore : _bby Al-Qanoon Publishers, _c2021 |
||
| 300 | _a1004 p. | ||
| 942 | _cBK | ||